| 000 | 00355nam a22001577a 4500 | ||
|---|---|---|---|
| 003 | SGT | ||
| 020 | _a978-93-5090-279-0 | ||
| 082 |
_a616.01 _bM13A |
||
| 100 | _aANTHIKAD, JACOB | ||
| 245 | _aMEDICAL MICROBIOLOGY FOR NURSING | ||
| 250 | _a1ST | ||
| 260 |
_aINDIA _bJAYPEE PUB. _c2013 |
||
| 300 | _a211 | ||
| 650 | _aMICROBIOLOGY | ||
| 942 |
_2ddc _cBK _02 |
||
| 999 |
_c20110 _d20110 |
||